|
|
|
|
| LEADER |
00862nab a2200229 i 4500 |
| 001 |
misc65272 |
| 005 |
20240911141333.0 |
| 008 |
231002s1956 hu o 000 bul d |
| 040 |
|
|
|a SZTE Miscellanea Repozitórium
|b hun
|
| 041 |
|
|
|a bul
|
| 100 |
1 |
|
|a Zaimov Jordan Dimov
|
| 245 |
1 |
0 |
|a Prinos k"m proučvaneto na mestnite imena v Ûžna Dobrudža
|h [elektronikus dokumentum] /
|c Zaimov Jordan Dimov
|
| 260 |
|
|
|a B"lgarska Akademiâ na naukite
|b Sofiâ
|c 1956
|
| 300 |
|
|
|a 177-242
|c 24 cm
|
| 300 |
|
|
|a [66] p.
|c 24 cm
|
| 490 |
0 |
|
|a Kompleksna naučna dobrudžanska ekspediciâ prez 1954 godina
|
| 561 |
|
|
|a Németh Gyula hagyaték
|
| 591 |
|
|
|a NOA 6476; J/75 N 1352
|
| 650 |
|
4 |
|a Bölcsészettudományok
|
| 650 |
|
4 |
|a Nyelvek és irodalom
|
| 695 |
|
|
|a Helynevek - Dél-Dobrudzsa
|
| 856 |
4 |
0 |
|u http://misc.bibl.u-szeged.hu/65272/1/6476_noa.pdf
|z Dokumentum-elérés
|